Phoebe Bridgers - Graceland Too (Lyrics) - Statistics

General Stats
  • This quiz has been taken 835 times
  • The average score is 176 of 210
Answer Stats
Answer % Correct
a
98%
A
98%
to
98%
To
98%
an
97%
She
97%
she
97%
do
96%
do,
96%
he
96%
I
95%
want
95%
and
94%
And
94%
her
94%
wants
94%
No
93%
or
93%
shoes
93%
anything
92%
anything,
92%
up
92%
what
92%
So
91%
so
91%
the
91%
herself
90%
longer
90%
others
90%
danger
89%
go
89%
me
89%
whatever
89%
Whatever
89%
it
88%
laced
88%
but
87%
could
86%
she's
85%
of
84%
not
83%
going
82%
in
82%
without
82%
can
81%
home,
81%
for
78%
made
78%
mind
78%
nobody
78%
answered
77%
direction,
77%
excuse
77%
know
77%
Memphis
77%
if
76%
it's
76%
on
76%
then
76%
would
76%
down
75%
Elvis
75%
hall,
75%
outside
75%
at
73%
come
73%
don't
73%
ninety
73%
picks
73%
thoughts
73%
true
73%
songs
72%
walked
72%
intrude
71%
thinking
70%
Yelled
70%
you
70%
music
69%
we
69%
our
67%
Turns
67%
winds
67%
believed
66%
I'm
66%
left
66%
was
66%
wonders
66%
asking
65%
clue
65%
gonna
65%
stare
65%
they
65%
Predictably
64%
get
62%
will
62%
chew
61%
knew
61%
moon
61%
this
61%
through
61%
moment
60%
saltines
60%
sleeve
60%
Ate
59%
cheeks
59%
floor
59%
lived
59%
spent
59%
Said
58%
serotonin
58%
knows
57%
rebel
57%
Doesn't
55%
my
52%
No matching quizzes found
Score Distribution
Percent of People with Each Score
Percentile by Number Answered
Your Score History
You have not taken this quiz